Dengan lafaz 2 kalimah syahadah (Record no. 125499)

MARC details
000 -LEADER
fixed length control field 00651nam a2200241 i 4500
001 - CONTROL NUMBER
control field C2-0325800
003 - CONTROL NUMBER IDENTIFIER
control field PPAK
005 - DATE AND TIME OF LATEST TRANSACTION
control field 20180728123759.0
008 - FIXED-LENGTH DATA ELEMENTS--GENERAL INFORMATION
fixed length control field 140303s2013 my |||| ||||| | may d
020 ## - INTERNATIONAL STANDARD BOOK NUMBER
International Standard Book Number 9789670392646
040 ## - CATALOGING SOURCE
Original cataloging agency PPAK
Language of cataloging eng
Transcribing agency PPAK
Description conventions rda
082 04 - DEWEY DECIMAL CLASSIFICATION NUMBER
Classification number 297.574
Edition number 23
090 00 - LOCALLY ASSIGNED LC-TYPE CALL NUMBER (OCLC); LOCAL CALL NUMBER (RLIN)
Classification number (OCLC) (R) ; Classification number, CALL (RLIN) (NR) 297.574
Feature heading IKH
Feature heading G
100 0# - MAIN ENTRY--PERSONAL NAME
Personal name Ikhwan Ng,
Relator term author
245 10 - TITLE STATEMENT
Title Dengan lafaz 2 kalimah syahadah
264 #1 - PRODUCTION, PUBLICATION, DISTRIBUTION, MANUFACTURE, AND COPYRIGHT NOTICE
Place of production, publication, distribution, manufacture Batu Caves, Selangor :
Name of producer, publisher, distributor, manufacturer Must Read ,
Date of production, publication, distribution, manufacture, or copyright notice 2013
300 ## - PHYSICAL DESCRIPTION
Extent viii, 127 pages ;
Dimensions 22 cm
336 ## - CONTENT TYPE
Source rdacontent
Content type term text
337 ## - MEDIA TYPE
Source rdamedia
Media type term unmediated
338 ## - CARRIER TYPE
Source rdacarrier
Carrier type term volume
650 10 - SUBJECT ADDED ENTRY--TOPICAL TERM
Topical term or geographic name entry element Muslim converts
942 ## - ADDED ENTRY ELEMENTS (KOHA)
-- dc
Koha item type Book
Holdings
Withdrawn Not for loan Current library Shelving location Date acquired Total Checkouts Full call number Barcode Date last seen Date last checked out Koha item type Total Renewals
    Perpustakaan Alor Setar Pinjaman Dewasa 11/03/2014 2 297.574 IKH A01434454 26/11/2018 12/11/2018 Book  
    Perpustakaan Alor Setar Pinjaman Dewasa 11/03/2014 1 297.574 IKH A01434453 28/10/2018 13/10/2018 Book  
    Perpustakaan Baling Pinjaman Dewasa 11/03/2014   297.574 IKH A01434458 09/05/2018   Book  
    Perpustakaan Jitra Pinjaman Dewasa 11/03/2014 1 297.574 IKH A01434456 17/05/2022 18/04/2022 Book  
    Perpustakaan Kulim Pinjaman Dewasa 11/03/2014   297.574 IKH A01434457 09/05/2018   Book  
    Perpustakaan Merbok Pinjaman Dewasa 11/03/2014 1 297.574 IKH A01434459 10/07/2023 03/09/2022 Book 1